000 01087nam a2200313 i 4500
003 EG-GICUC
005 20260121101517.0
008 251217s1954 -cn| ||fr|||| 001 0 eng d
040 _aEG-GiCUC
_cEG-GiCUC
_dEG-GiCUC
_erda
_beng
041 _aeng
082 0 4 _221
_a341.84
_bFA . E
092 0 4 _221
099 _aLaw1 12 341.84 FA . E 2 ed - 1954
100 1 _aFalconbridge, John Delatre,
_d1875-1968,
_eAuthor.
245 1 0 _aEssays on the Conflict of Laws /
_cby John Delatre Falconbridge.
250 _aSecond Edition.
264 1 _aToronto ; Ontario ; Canada :
_bCanada Law Book Company Limited,
_c1954
300 _axxii, 862 pages ;
_c24 cm.
336 _2rda content
_atext
337 _2rda media
_aComputer
338 _2rda carrier
_aOnline Resource
500 _aTable of cases: pages xv-xxix.
504 _aIncludes bibliographical references and index.
546 _aText in English
650 1 4 _aconflict of laws
_xPrivate international law
856 4 0 _uhttps://fll.law.cu.edu.eg/fulltext/bks/B12-01576.pdf
905 _a75
_eHassnaa
942 _2ddc
_cBK
_e21
_n0
999 _c51168
_d51168